| 000 | 00717cam a22002293a 4500 | ||
|---|---|---|---|
| 001 | 18533 | ||
| 003 | PGUSA | ||
| 005 | 20140828083408.0 | ||
| 008 | 060607s2006||||xxu|||||s|||||000 | eng d | ||
| 040 |
_aPGUSA _beng |
||
| 042 | _adc | ||
| 050 | 4 | _aBJ | |
| 100 | 1 |
_aAbbott, John S. C. _q(John Stevens Cabot), _d1805-1877 |
|
| 245 | 1 | 4 |
_aThe Child at Home : _bThe Principles of Filial Duty, Familiarly Illustrated _h[electronic resource] / _cJohn S. C. Abbott |
| 260 |
_bProject Gutenberg, _c2006 |
||
| 506 | _aPublic domain in the USA. | ||
| 516 | _aElectronic text | ||
| 653 | _aChildren -- Conduct of life | ||
| 830 | 0 |
_aProject Gutenberg _v18533 |
|
| 856 | 4 | 0 | _uhttp://www.gutenberg.org/ebooks/18533 |
| 942 | _cEB | ||
| 999 |
_c247788 _d247788 |
||